I want to be a home inspector - what is SAVA doing to help me? (Record no. 117416)
[ view plain ]
| 000 -LEADER | |
|---|---|
| fixed length control field | 01312cam a2200253 4500 |
| 001 - CONTROL NUMBER | |
| control field | ABS67872 |
| 008 - FIXED-LENGTH DATA ELEMENTS--GENERAL INFORMATION | |
| fixed length control field | 040528n2004 000 0 eng u |
| 035 ## - SYSTEM CONTROL NUMBER | |
| System control number | (Sirsi) u126315 |
| 100 ## - MAIN ENTRY--PERSONAL NAME | |
| Personal name | Grayson, H. |
| 245 ## - TITLE STATEMENT | |
| Title | I want to be a home inspector - what is SAVA doing to help me? |
| 260 ## - PUBLICATION, DISTRIBUTION, ETC. | |
| Date of publication, distribution, etc. | 2004 |
| 490 ## - SERIES STATEMENT | |
| Series statement | Site Recorder |
| Volume/sequential designation | 122(1453) May 2004, 11(1) |
| 520 ## - SUMMARY, ETC. | |
| Summary, etc. | Reviews the current situation regarding the new Home Inspector Qualification. Highlights how Surveyors and Valuation Accreditation Ltd (SAVA) will increase the number of training events to help candidates prepare for the final test of the examining body, leading to the national qualification. Suggests that prospective candidates do not wait for legislation to be finalised and in the meantime familiarise themselves with the National Occupational Standards and update their CPD knowledge. Recommends using the RICS model for CPD requirements. SAVA intends to be ready for enquiries on the new qualification from June 2004. |
| 590 ## - LOCAL NOTE (RLIN) | |
| Local note | ABS |
| 590 ## - LOCAL NOTE (RLIN) | |
| Local note | ABS |
| 650 ## - SUBJECT ADDED ENTRY--TOPICAL TERM | |
| Topical term or geographic name entry element | SAVA |
| 650 ## - SUBJECT ADDED ENTRY--TOPICAL TERM | |
| Topical term or geographic name entry element | HOME INSPECTORS' CERTIFICATION BOARD |
| 650 ## - SUBJECT ADDED ENTRY--TOPICAL TERM | |
| Topical term or geographic name entry element | CPD |
| 650 ## - SUBJECT ADDED ENTRY--TOPICAL TERM | |
| Topical term or geographic name entry element | HOME INFORMATION PACKS |
| 650 ## - SUBJECT ADDED ENTRY--TOPICAL TERM | |
| Topical term or geographic name entry element | HOME CONDITION INSPECTORS |
| 650 ## - SUBJECT ADDED ENTRY--TOPICAL TERM | |
| Topical term or geographic name entry element | HOME CONDITION REPORTS |
| 690 ## - LOCAL SUBJECT ADDED ENTRY--TOPICAL TERM (OCLC, RLIN) | |
| Topical term or geographic name as entry element | PROPERTY AND LAND LAW-CONVEYANCING |
| 942 ## - ADDED ENTRY ELEMENTS (KOHA) | |
| Suppress in OPAC | 0 |
| Withdrawn status | Lost status | Source of classification or shelving scheme | Damaged status | Not for loan | Home library | Current library | Shelving location | Date acquired | Total Checkouts | Full call number | Barcode | Date last seen | Copy number | Price effective from | Koha item type |
|---|---|---|---|---|---|---|---|---|---|---|---|---|---|---|---|
| Dewey Decimal Classification | London | London | Journal article | 28/05/2004 | ABS67872 | 126315-1001 | 06/08/2019 | 1 | 06/08/2019 | Journal article |